000 00329nam a2200145Ia 4500
008 090122s9999 xx 000 0 und d
082 _b3411
_aT4(E)
100 _aMenezes
_bJames
245 _aMercantile Law
600 _aMenezes
630 _aMercantile Law
700 _aMenezes
730 _aMercantile Law
942 _cBOOK
999 _c27489
_d27489